00696nam a22001697a 4500003000900000008004100009040007100050082002200121110003500143245005200178260002400230300006000254505016800314650001700482650001600499650001100515AR-CdUCM190517b ||||| |||| 00| 0 spa d aMUNICIPALIDAD PROVINCIAL DEL CUSCOcBIBLIOTECA MUNICIPAL DEL CUSCO a374.11985 /bUN61 aUniversidad Federico Villareal aSociología de la educación en el siglo XX / aLima :bUFV,c1973. a315 páginas ;c21 cm.bMapas, cuadros, estadística, aContenido: De la sociología. El reto del Perú comunitario y la república -- La élite universitaria y la oligarquía -- La insurgencia de la juventud ...  aSociología aEducación aPerú